An in vitro study of the antibacterial effectiveness of raphanus sativus linn (radish) crude extract against vibrio parahaemolyticus / (Record no. 285029)
[ view plain ]
| 000 -LEADER | |
|---|---|
| fixed length control field | 00704nam a2200145Ia 4500 |
| 008 - FIXED-LENGTH DATA ELEMENTS--GENERAL INFORMATION | |
| fixed length control field | 150609s9999 xx 000 0 und d |
| 050 ## - LIBRARY OF CONGRESS CALL NUMBER | |
| Classification number | QK 861 |
| Item number | .B942 2015 |
| 100 ## - MAIN ENTRY--PERSONAL NAME | |
| Personal name | Bunag, Noreen Leigh S. |
| 245 #3 - TITLE STATEMENT | |
| Title | An in vitro study of the antibacterial effectiveness of raphanus sativus linn (radish) crude extract against vibrio parahaemolyticus / |
| Statement of responsibility, etc | Noreen Leigh S. Bunag, Mae Den C. Culla, Vanessa F. Gazzingan, Kayla Marie C. Hynson, Lara Mae P. Llantero, James Albert E. Martinez. |
| 260 ## - PUBLICATION, DISTRIBUTION, ETC. (IMPRINT) | |
| Place of publication, distribution, etc | Las Piñas, Philippines : |
| Name of publisher, distributor, etc | SISC, |
| Date of publication, distribution, etc | 2015. |
| 300 ## - PHYSICAL DESCRIPTION | |
| Extent | 75 pages : |
| Other physical details | color illustrations ; |
| Dimensions | 28 cm. |
| 500 ## - GENERAL NOTE | |
| General note | Includes bibliographical references and appendices. |
| 650 ## - SUBJECT ADDED ENTRY--TOPICAL TERM | |
| Topical term or geographic name as entry element | Radish |
| 650 ## - SUBJECT ADDED ENTRY--TOPICAL TERM | |
| Topical term or geographic name as entry element | Vegetable |
| Withdrawn status | Lost status | Damaged status | Home library | Current library | Shelving location | Date acquired | Total Checkouts | Full call number | Barcode | Date last seen | Price effective from | Koha item type |
|---|---|---|---|---|---|---|---|---|---|---|---|---|
| College Library | College Library | 06/09/2015 | QK 861 .B942 2015 | T0761 | 05/15/2018 | 06/09/2015 | Theses |